French Authors - Statistics

General Stats
  • This quiz has been taken 132 times
  • The average score is 17 of 26
Answer Stats
Work Author % Correct
Les Misérables Victor Hugo
97%
The Three Musketeers Alexandre Dumas
95%
Candide Voltaire
93%
The Stranger Albert Camus
91%
Madame Bovary Gustave Flaubert
91%
Around the World in 80 Days Jules Verne
89%
In Search of Lost Time Marcel Proust
84%
Tartuffe Molière
80%
The Red and the Black Stendhal
80%
The Little Prince Antoine de Saint-Exupery
79%
The Second Sex Simone de Beauvoir
75%
The Social Contract Jean-Jacques Rousseau
73%
Gargantua and Pantagruel François Rabelais
72%
Nausea Jean-Paul Sartre
71%
Les Fleurs du Mal Charles Baudelaire
70%
La Comédie Humaine Honoré de Balzac
68%
The 120 Days of Sodom Marquis de Sade
64%
Phèdre Jean Racine
63%
Les Rougon-Macquart Émile Zola
53%
Le Cid Pierre Corneille
49%
Illuminations Arthur Rimbaud
40%
Poèmes saturniens Paul Verlaine
40%
Cyrano de Bergerac Edmond Rostand
38%
Alcools Guillaume Apollinaire
38%
Antigone (1944) Jean Anouilh
28%
Consuelo George Sand
26%
No matching quizzes found
Score Distribution
Percent of People with Each Score
Percentile by Number Answered
Your Score History
You have not taken this quiz